Statistics for Colleges With Both Super Bowl Winning-Quarterbacks and U.S. Presidents

Click here to take the quiz!

General Stats

  • This quiz has been taken 429 times
  • The average score is 10 of 15

Answer Stats

HintAnswer% Correct
School whose football stadium is the largest in the U.S. and the third-largest in the Western Hemisphere. Notable for its high standards in both athletics and academics.University of Michigan
95%
QB from the school above, and consensus greatest quarterback of all-time.Tom Brady
87%
U.S. President from the school above, who played center on the university's football team and is the only president who was not elected as either president or vice president.Gerald Ford
81%
One of the most prestigious universities in the world, founded in 1881 and named after its founder, a former governor and senator, and which has no business playing in the "Atlantic Coast Conference" that it joined in 2024.Stanford University
79%
U.S. President from the school above, whose character and commitment to humanitarian efforts are much more highly-regarded than his actual presidency. The longest-lived U.S. president.Jimmy Carter
74%
U.S. President from the school above, the oldest U.S. President in history and the first to have a female vice president. He did not go to the university at the same time as my sister, and definitely doesn't know her, because it would be super weird if she knew him and never brought it up.Joe Biden
73%
U.S. President from the school above, who oversaw the repatriation of Mexican-Americans back to Mexico during the Great Depression. Namesake of homeless camps that existed during the same period.Herbert Hoover
70%
State school that is the largest in its state by enrollment, has a mascot named "Youdee," and competes in the Coastal Athletic Association. Not much stands out about this one. My sister went there, but you probably don't know her.University of Delaware
65%
QB from the school above, a two-time Super Bowl winner who was drafted first among the famous 1983 class of quarterbacks and is considered among the best quarterbacks of all-time.John Elway
63%
School where "plebes" are accepted to the Yard every summer, and those who survive graduate with a Bachelor of Science that includes leadership and athletics as prerequisites.United States Naval Academy
60%
Liberal arts school that is usually referred to by a three- or four-word name to differentiate it from a better-known school in the southeast with a similar name. Its football program is known as the "Cradle of Coaches" for the number of successful NFL head coaches that have come through its system as either a player or a coach.Miami University of Ohio
57%
QB from the school above, who was a long-time NFL starter but was generally regarded as only an average quarterback, with the exception of a fantastic postseason run during which he tied Joe Montana's record for touchdown passes without an interception, culminating with a Super Bowl MVP award. The performance earned him a record contract that he did not live up to. He went to the university at the same time as my sister, but also probably didn't know her.Joe Flacco
51%
QB from the school above, the youngest Super Bowl-winning quarterback of all-time, and who ranks in the top ten all-time in many categories, including touchdowns, completions, and winning percentage.Ben Roethlisberger
45%
QB from the school above, nicknamed "Captain Comeback," and the first person to win both the Heisman Trophy and the Super Bowl MVP. Considered one of the greatest quarterbacks of all-time.Roger Staubach
44%
U.S. President from the school above, who signed the Sherman Antitrust Act and advocated for stronger protection for Black people's voting rights. He lost a presidential election to the same man he defeated four years prior.Benjamin Harrison
41%

Score Distribution

Percentile by Number Answered

Percent of People with Each Score

Your Score History

You have not taken this quiz